|
|
|
|
| LEADER |
00000nam0a2200000 4500 |
| 001 |
316174 |
| 005 |
20231102002841.0 |
| 010 |
|
|
|b 30000 экз.
|
| 035 |
|
|
|a (RuTPU)RU\TPU\book\341612
|
| 090 |
|
|
|a 316174
|
| 100 |
|
|
|a 20160315d1930 m y0rusy50 ca
|
| 101 |
1 |
|
|a rus
|c eng
|
| 102 |
|
|
|a RU
|
| 105 |
|
|
|a y j 001zy
|
| 200 |
1 |
|
|a Психология в приложении к обучению
|e пер. с [англ.]
|f В. Г. Пайль
|g пер. под ред. Е. В. Гурьянова ; авт. предисл. П. П. Блонский
|
| 210 |
|
|
|a [Москва]
|c Работник Просвещения
|d 1930
|
| 215 |
|
|
|a 112 с.
|
| 225 |
1 |
|
|a Дешевая библиотека просвещенца
|
| 317 |
|
|
|5 63413507: М-132606
|a Поступила в НТБ в 1970 г. в составе книжного собрания профессора ТПИ И. Н. Бутакова
|
| 320 |
|
|
|a Предметный указатель: с. 103
|
| 320 |
|
|
|a Общий указатель: с. 104
|
| 320 |
|
|
|a Тезисы: с. 105-112
|
| 606 |
1 |
|
|a Психология
|2 stltpush
|3 (RuTPU)RU\TPU\subj\53124
|9 71474
|
| 610 |
1 |
|
|a руководства
|
| 610 |
1 |
|
|a библиотека И. Н. Бутакова
|
| 610 |
1 |
|
|a психологические знания
|
| 610 |
1 |
|
|a психологические методы
|
| 610 |
1 |
|
|a психологическая безопасность
|
| 610 |
1 |
|
|a психологическая подготовка
|
| 686 |
|
|
|a Ю9
|2 rubbk
|
| 700 |
|
1 |
|a Пайль
|b В. Г.
|
| 702 |
|
1 |
|a Гурьянов
|b Е. В.
|4 340
|
| 702 |
|
1 |
|a Блонский
|b П. П.
|4 080
|
| 801 |
|
1 |
|a RU
|b 63413507
|c 20160315
|
| 801 |
|
2 |
|a RU
|b 63413507
|c 20190801
|g RCR
|
| 942 |
|
|
|c BK
|